Ember vs Robot, avagy az automatizáció korszaka a raktárlogisztikában

Bibliográfiai részletek
Szerző: Tóbi Bálint
További közreműködők: Király Éva
Dokumentumtípus: Diplomadolgozat
Kulcsszavak:AI
AutoStore
digitalizáció
komissiózás
robotok
Online Access:http://dolgozattar.uni-bge.hu/59684

MARC

LEADER 00000nta a2200000 i 4500
001 dolg59684
005 20260409145424.0
008 260409suuuu hu om 000 hun d
040 |a BGE Dolgozattár Repozitórium  |b hun 
041 |a hu 
100 1 |a Tóbi Bálint 
245 1 0 |a Ember vs Robot, avagy az automatizáció korszaka a raktárlogisztikában  |c Tóbi Bálint  |h [elektronikus dokumentum] 
520 3 |a A diplomamunkám célja annak vizsgálata, hogy milyen hatást gyakorolnak az automatizált raktárrendszerek az ellátási láncokra. Dolgozatomban különös hangsúlyt fektetek az Apcom CE Kft. vállalatra amelynél dolgozom. A vállalat adatain és példáján keresztül válaszokat keresek és kapok arra, hogy megéri-e egy automata raktárrendszert beépíteni. Számszerű adatokat használva kiderült, hogy az AutoStore képes segíteni egy operáció raktári folyamatait.A dolgozat készítése során interjút készítettem az operációs vezetővel amelyből kiderült, hogy a robot nem veszi el az emberek munkáját, hanem átalakítja.A dolgozat fő következtetése, hogy a rohamosan fejlődő világot megállítani nem lehet, azonban a benne rejlő lehetőségeket kiaknázni igen. Aki erre képes, az nagy versenyelőnyt tud kialakítani. 
695 |a AI 
695 |a AutoStore 
695 |a digitalizáció 
695 |a komissiózás 
695 |a robotok 
700 1 |a Király Éva  |e ths 
856 4 0 |u http://dolgozattar.uni-bge.hu/59684/1/Szakdolgozat_DBHG9C.pdf  |z Dokumentum-elérés 
856 4 0 |u http://dolgozattar.uni-bge.hu/59684/2/Titkosi%CC%81ta%CC%81si%20ke%CC%81relem.pdf  |z Dokumentum-elérés 
856 4 0 |u http://dolgozattar.uni-bge.hu/59684/3/2.%20Melle%CC%81klet.pdf  |z Dokumentum-elérés 
856 4 0 |u http://dolgozattar.uni-bge.hu/59684/4/1.%20Melle%CC%81klet.xlsx.zip  |z Dokumentum-elérés 
856 4 0 |u http://dolgozattar.uni-bge.hu/59684/5/TT%C3%B3bi%20B%C3%A1lint%20-%20b%C3%ADr%C3%A1lati%20lap%20BELS%C5%90.pdf  |z Dokumentum-elérés 
856 4 0 |u http://dolgozattar.uni-bge.hu/59684/6/T%C3%B3bi%20D%C3%A1niel%20b%C3%ADr%C3%A1lat.pdf  |z Dokumentum-elérés